000 00665nam a2200217Ia 4500
008 160819s9999 xx 000 0 und d
020 _a978-1-84476-386-3
050 _aCUL TX 819
050 _b.C9O54 2007
245 _a100 stir-fries and quick curries :
245 _bspicy, fast and aromatic dishes from asia and the far east, shown step-by-step in more than 300 sizzling photographs /
245 _cJenni Fleetwood, consultant editor.
260 _aLondon :
260 _bSouthwater,
260 _c2007
300 _a128 pages :
300 _bcolor illustrations ;
300 _c30 cm.
500 _aIncludes index.
650 _aCooking (Curry).
999 _c300700
_d300700